Normal view MARC view
  • Zeeshan, Muhammad

Entry Personal Name

Number of records used in: 9

001 - CONTROL NUMBER

  • control field: 18618

003 - CONTROL NUMBER IDENTIFIER

  • control field: NUST

005 - DATE AND TIME OF LATEST TRANSACTION

  • control field: 20190726053918.0

008 - FIXED-LENGTH DATA ELEMENTS

  • fixed length control field: 190726|| aca||aabn | a|a d

040 ## - CATALOGING SOURCE

  • Original cataloging agency: NUST
  • Transcribing agency: NUST

100 ## - HEADING--PERSONAL NAME

  • Personal name: Zeeshan, Muhammad

670 ## - SOURCE DATA FOUND

  • Source citation: Work cat.: (NUST): Zeeshan, Muhammad, Adaptive High Throughput CDMA-based Wideband Wavefrom with Robust Timing and Frequency Synchronization for SDR-based Tactical Networks /, 2015.
© 2023 Central Library, National University of Sciences and Technology. All Rights Reserved.